000 00501nam a22002057a 4500
001 216219252
003 UA-OsUOA
005 20200917144301.0
008 200917b un ||||| |||| 00| 0 ukr d
040 _aUA-OsUOA
_bukr
_cUA-OsUOA
_dUA-OsUOA
041 _aukr
080 _a821.161.1
090 _a821.161.1
245 _aСамое синее в мире...
_bстихи
260 _aОдесса
_bМаяк
_c1971
300 _a159 с.
650 _2821
942 _2udc
_cBK
955 _a3
999 _c463366
_d463366